Tiempo de fiesta : (Record no. 134867)
[ view plain ]
| 000 -LEADER | |
|---|---|
| campo de control de longitud fija | 00810nam a2200241 i 4500 |
| 001 - NÚMERO DE CONTROL | |
| campo de control | 134867 |
| 003 - IDENTIFICADOR DE NÚMERO DE CONTROL | |
| campo de control | ES-MaACL |
| 005 - FECHA Y HORA DE LA ÚLTIMA TRANSACCIÓN | |
| campo de control | 20230906194747.0 |
| 007 - CAMPO FIJO DE DESCRIPCIÓN FÍSICA--INFORMACIÓN GENERAL | |
| campo de control de longitud fija | t| |
| 008 - DATOS DE LONGITUD FIJA--INFORMACIÓN GENERAL | |
| campo de control de longitud fija | 070629s1982 sp |||| | spa d |
| 020 ## - NÚMERO INTERNACIONAL ESTÁNDAR DEL LIBRO | |
| Número Internacional Estándar del Libro | 84-85208-26-9 |
| 080 ## - NÚMERO DE LA CLASIFICACIÓN DECIMAL UNIVERSAL | |
| Número de la Clasificación Decimal Universal | 394.46(460) |
| 245 00 - MENCIÓN DEL TÍTULO | |
| Título | Tiempo de fiesta : |
| Resto del título | ensayos antropológicos sobre las fiestas en España / |
| Mención de responsabilidad, etc. | edición de Honorio M. Velasco ; [texto], Salvador Rodríguez Becerra ... [et al.]. |
| 260 ## - PUBLICACIÓN, DISTRIBUCIÓN, ETC. | |
| Lugar de publicación, distribución, etc. | [Madrid : |
| Nombre del editor, distribuidor, etc. | Tres-Catorce-Diecisiete, |
| Fecha de publicación, distribución, etc. | 1982] |
| 300 ## - DESCRIPCIÓN FÍSICA | |
| Extensión | 252 p. : |
| Otras características físicas | gráf. ; |
| Dimensiones | 22 cm. |
| 490 1# - MENCIÓN DE SERIE | |
| Mención de serie | Alatar ; |
| Designación de volumen o secuencia | 7 |
| 650 #4 - PUNTO DE ACCESO ADICIONAL DE MATERIA--TÉRMINO DE MATERIA | |
| Término de materia o nombre geográfico como elemento de entrada | Fiestas- |
| Subdivisión general | España. |
| 9 (RLIN) | 12778 |
| 700 1# - ENTRADA AGREGADA--NOMBRE PERSONAL | |
| Nombre de persona | Velasco Maillo, Honorio M. |
| 9 (RLIN) | 113761 |
| 700 1# - ENTRADA AGREGADA--NOMBRE PERSONAL | |
| Nombre de persona | Rodríguez Becerra, Salvador. |
| 9 (RLIN) | 98378 |
| 830 1# - PUNTO DE ACCESO ADICIONAL DE SERIE-TÍTULO UNIFORME | |
| Título uniforme | Alatar ; |
| Designación de volumen o secuencia | 7 |
| 9 (RLIN) | 219884 |
| 852 4# - LOCALIZACIÓN | |
| Ubicación | ES-MaACL |
| Número de control de estantería | L-2618 |
| Estatus retirado | Estado de pérdida | Estado de daño | No para préstamo | Biblioteca de origen | Biblioteca actual | Ubicación en estantería | Fecha de adquisición | Fuente de adquisición | Total de préstamos | Signatura topográfica completa | Código de barras | Visto por última vez | Precio de reemplazo | Tipo de ítem Koha |
|---|---|---|---|---|---|---|---|---|---|---|---|---|---|---|
| Biblioteca del Ateneo de Madrid | Biblioteca del Ateneo de Madrid | Depósito 2 | 17/01/2008 | L-2618 | 1140377 | 23/02/2023 | 23/02/2023 | Libro impreso |
